000 00336nam a2200121Ia 4500
008 231129s9999||||xx |||||||||||||| ||spa||
020 _a958-615-498-X.(v.1)
040 _bspa
082 _aR 036.1 G748co
245 0 _aGran consultor: Enciclopedia estudiantil
264 _aBibliograf.
942 _2ddc
_cBKS
999 _c14592
_d14592